Science Quiz

Random Science Quiz
Score 0/13 Timer 06:00
0 Plays Today
Division Description % Correct
Division 1Trumpet Daffodil Cultivars
88.2%
Division 4Double Daffodil Cultivars
82.4%
Division 5Triandrus Daffodil Cultivars
64.7%
Division 9Poeticus Daffodil Cultivars
64.7%
Division 8Tazetta Daffodil Cultivars
64.7%
Division 13Daffodils Distinguished Solely by Botanical Name
64.7%
Division 11Split-Corona Daffodil Cultivars
58.8%
Division 2Large-Cupped Daffodil Cultivars
52.9%
Division 3Small-Cupped Daffodil Cultivars
52.9%
Division 6Cyclamineus Daffodil Cultivars
52.9%
Division 7Jonquilla and Apodanthus Daffodil Cultivars
52.9%
Division 10Bulbocodium Daffodil Cultivars
41.2%
Division 12Other Daffodil Cultivars
41.2%

You're not logged in!

Compare scores with friends on all Sporcle quizzes.
OR
Log In

Sporcle TV

Today on Sporcle TV


Watch our educational content, quiz creation guides, and fun videos on Sporcle TV.

Show Comments

Extras

Top Quizzes Today


Score Distribution

Paid Content

Your Account Isn't Verified!

In order to create a playlist on Sporcle, you need to verify the email address you used during registration. Go to your Sporcle Settings to finish the process.

Report this User

Report this user for behavior that violates our Community Guidelines.

Details: